Normal view MARC view

Entry Personal Name

Number of records used in: 1

001 - CONTROL NUMBER

  • control field: 20693

003 - CONTROL NUMBER IDENTIFIER

  • control field: dpl

005 - DATE AND TIME OF LATEST TRANSACTION

  • control field: 20100918144459.0

008 - FIXED-LENGTH DATA ELEMENTS

  • fixed length control field: 100918|||a|||||| | ||| d

040 ## - CATALOGING SOURCE

  • Original cataloging agency: dpl
  • Transcribing agency: dpl

100 ## - HEADING--PERSONAL NAME

  • Personal name: Jaikishan, Shankar

670 ## - SOURCE DATA FOUND

  • Source citation: Work cat.: (dpl): Mangeshkar, Lata 18693, Pattita :, 1982

670 ## - SOURCE DATA FOUND

  • Source citation: Work cat.: (dpl): Mangeshkar, Lata 18693, Pattita :, 1982

© Delhi Public Library
Hit Counter
free hit counter